00470nam a2200169Ia 450000500170000000800410001702000180005804100120007608200160008810000170010424500590012125000120018026000420019230000200023465000240025465000220027820260429112051.0260429s9999||||xx |||||||||||||| ||und|| a9781835352830 aEnglish a796.01bLIV aLivadas, S.  0aPhysical education and sport psychology / cS. Livadas a1st ed. aLondon : bETP ED- Tech Press,c2025. axii, 337 p.; hb a Physical education aSports psychology